书目信息 |
| 题名: |
中国沿海赤潮
|
|
| 作者: | 齐雨藻 著 | |
| 分册: | ||
| 出版信息: | 北京 科学出版社 2003 |
|
| 页数: | 348页 | |
| 开本: | 26cm | |
| 丛书名: | ||
| 单 册: | ||
| 中图分类: | X55 | |
| 科图分类: | ||
| 主题词: | 红潮--研究--中国 , 红潮 | |
| 电子资源: | ||
| ISBN: | 7-03-011315-2 | |
| 000 | 00822nam0 2200253 450 | |
| 001 | 002454331 | |
| 005 | 20070805151433.60 | |
| 010 | @a7-03-011315-2@b精装@dCNY50.00 | |
| 100 | @a20030916e20042003em y0chiy0110 ea | |
| 101 | 0 | @achi |
| 102 | @aCN@b110000 | |
| 105 | @ay z 000yy | |
| 106 | @ar | |
| 200 | 1 | @a中国沿海赤潮@Azhong guo yan hai chi chao@f齐雨藻等著@Fqi yu zao deng zhu |
| 210 | @a北京@c科学出版社@d2003@h2004重印 | |
| 215 | @a348页@d26cm | |
| 300 | @a国家自然科学基金资助项目 | |
| 330 | @a本书详细阐述了赤潮的定义、发生的原因、赤潮生物的分类及在我国沿海的生物地理分布,典型海湾的海洋学及生物学特征,以及中国沿海几种典型赤潮等。 | |
| 606 | 0 | @a红潮@x研究@y中国 |
| 606 | 0 | @a红潮 |
| 690 | @aX55@v4 | |
| 701 | 0 | @a齐雨藻@Aqi yu zao@f(1933.11~)@4著 |
| 801 | 0 | @aCN@bNLC@c20070805 |
| 905 | @dX55@e85@f1 | |
| 中国沿海赤潮/齐雨藻等著.-北京:科学出版社,2003(2004重印) |
| 348页;26cm |
| 国家自然科学基金资助项目 |
| ISBN 7-03-011315-2(精装):CNY50.00 |
| 本书详细阐述了赤潮的定义、发生的原因、赤潮生物的分类及在我国沿海的生物地理分布,典型海湾的海洋学及生物学特征,以及中国沿海几种典型赤潮等。 |
| ● |
| 相关链接 |
|
|
|
|
正题名:中国沿海赤潮
索取号:X55/85
 
预约/预借
| 序号 | 登录号 | 条形码 | 馆藏地/架位号 | 状态 | 备注 |
| 1 | 0851790 | 208517906 | 第二样本阅览室/ [索取号:X55/85] | 在馆 |